Florida Counties by Population - Statistics

General Stats
  • This quiz has been taken 110 times
  • The average score is 42 of 67
Answer Stats
Population County % Correct
2,716,940 Miami-Dade
100%
1,952,778 Broward
98%
1,393,452 Orange
98%
1,496,770 Palm Beach
98%
1,471,968 Hillsborough
96%
957,755 Duval
93%
974,996 Pinellas
93%
770,577 Lee
91%
601,942 Brevard
83%
724,777 Polk
83%
433,742 Sarasota
80%
553,947 Pasco
78%
553,284 Volusia
76%
471,826 Seminole
74%
403,253 Manatee
72%
293,582 Leon
70%
384,902 Collier
69%
375,751 Osceola
69%
74,228 Monroe
65%
328,297 St. Lucie
65%
318,316 Escambia
63%
161,000 Martin
63%
269,043 Alachua
61%
367,118 Lake
61%
365,579 Marion
61%
159,923 Indian River
59%
174,705 Bay
57%
188,910 Charlotte
57%
115,081 Flagler
57%
14,246 Jefferson
57%
14,362 Calhoun
56%
149,657 Citrus
56%
38,001 DeSoto
56%
16,589 Dixie
56%
11,811 Franklin
56%
45,660 Gadsden
56%
15,576 Gulf
56%
42,022 Hendry
56%
106,221 Highlands
56%
19,432 Holmes
56%
47,945 Jackson
56%
8,637 Lafayette
56%
8,345 Liberty
56%
42,168 Okeechobee
56%
184,313 Santa Rosa
56%
264,672 St. Johns
56%
132,420 Sumter
56%
15,303 Union
56%
74,071 Walton
56%
219,252 Clay
54%
18,582 Gilchrist
54%
13,516 Glades
54%
14,326 Hamilton
54%
210,738 Okaloosa
54%
24,764 Washington
54%
29,210 Baker
52%
27,317 Bradford
52%
193,920 Hernando
52%
18,460 Madison
52%
88,625 Nassau
52%
74,521 Putnam
52%
44,046 Suwannee
52%
21,870 Taylor
52%
33,739 Wakulla
52%
71,686 Columbia
50%
26,937 Hardee
50%
41,503 Levy
48%
No matching quizzes found
Score Distribution
Percent of People with Each Score
Percentile by Number Answered
Your Score History
You have not taken this quiz